Normal view MARC view
  • SINHA, DR. R..K

Entry Personal Name

Number of records used in: 1

001 - CONTROL NUMBER

  • control field: 8218

003 - CONTROL NUMBER IDENTIFIER

  • control field: JRU

005 - DATE AND TIME OF LATEST TRANSACTION

  • control field: 20231101102449.0

008 - FIXED-LENGTH DATA ELEMENTS

  • fixed length control field: 231101|| aca||aabn | a|a d

040 ## - CATALOGING SOURCE

  • Original cataloging agency: JRU
  • Transcribing agency: JRU

100 ## - HEADING--PERSONAL NAME

  • Personal name: SINHA, DR. R..K

670 ## - SOURCE DATA FOUND

  • Source citation: Work cat.: (JRU)8437: SINHA, DR. R..K, THE TRANSFER OF PROPERTY ACT , 2023